000
00358nam a2200157Ia 4500
008
210716s1993 xx 000 0 und d
020
_a
0312952711
041
_a
eng
082
_a
808.83 SMIS
100
_a
Smith, Scott.
245
_a
Simple plan.
250
_a
1
260
_a
New York
_b
St Martins Press Inc
_c
1993
300
_a
417
650
_a
Novels
999
_c
200261
_d
200261